| 000 | 00615nam a22001457a 4500 | ||
|---|---|---|---|
| 020 | _a978-0-590-10842-3 | ||
| 082 |
_a823 _bABB/C |
||
| 100 | _aABBOTT, TONY | ||
| 245 |
_aTHE SECRETS OF DROON _bCITY IN THE CLOUDS |
||
| 260 |
_aNEW YORK _bSCHOLASTIC _c2016 |
||
| 300 | _a88 | ||
| 520 | _aDiscover the world of Droon! Uh-oh! Neal has a problem. He's turned into a bug-again. Eric and Julie hope someone in Droon can help. Princess Keeah thinks there might be a cure in the City in the Clouds. Too bad the friends only have one day before the city disappears! | ||
| 650 |
_aADVENTURE STORY _zUNITED STATES |
||
| 942 | _cBK | ||
| 999 |
_c6129 _d6129 |
||